000 00834nam a2200265Ia 4500
003 IN-BaIIA
008 211028s9999 xx s 000 0 eng d
020 _a978-1-4020-9926-7 (Print)
020 _a978-1-4020-9927-4 (Online)
022 _a0075-8450 (Print)
022 _a1616-6361 (Online)
040 _cIIA Library
100 _aGuttmann, A. J.
_940348
245 0 _aPolygons, Polyominoes and Polycubes
_h[eBook]
260 _aDordrecht
_bSpringer Netherlands
_c2009
300 _aOnline resource
490 _aLecture Notes in Physics
650 _a Algorithms
_910044
650 _a Combinatorics
_940349
650 _a Mathematical Methods in Physics
650 _a Numeric Computing
_940350
650 _aPhysics
_973
856 _uhttp://doi.org/10.1007/978-1-4020-9927-4
_yClick Here to Access eBook
942 _cEB
999 _c21816
_d21816